O rapto de Helena (Record no. 71317)

MARC details
000 -LÍDER
campo de controle de tamanho fixo 00344 a2200157 4500
001 - NÚMERO DE CONTROLE
campo de controle 71317
020 ## - ISBN - INTERNATIONAL STANDARD BOOK NUMBER
ISBN - International Standard Book Number 8532246796
040 ## - FONTE DA CATALOGAÇÃO
Instituição que transcreveu o registro Anchieta - Colégio São Paulo
100 ## - ENTRADA PRINCIPAL--NOME PESSOAL
Nome pessoal Galdino, Luiz
240 10 - TÍTULO UNIFORME
Título uniforme O rapto de Helena
Idioma da obra por
245 10 - TÍTULO
Título O rapto de Helena
300 ## - DESCRIÇÃO FÍSICA
Extensão 87
362 0# - DATAS DE PUBLICAÇÃO E/OU DESIGNAÇÃO SEQUENCIAL
Datas de publicação e/ou designação sequencial 2001
650 #4 - ASSUNTO--TERMO TÓPICO
Cabeçalho tópico ou nome geográfico Literatura juvenil
942 ## - ELEMENTOS DE ENTRADA ADICIONADOS (KOHA)
Tipo de material Koha Livros
Holdings
Situação do descarte Situação das perdas Situação física Não pode ser emprestado Biblioteca de origem Biblioteca atual Data de aquisição Total de empréstimos Número de chamada completo Código de barras Data de último acesso Data do preço efetivo Tipo de material Koha Fonte da classificação ou esquema de arquivamento na estante Nota pública Número do exemplar
        Colégio São Paulo Colégio São Paulo 22/11/2023   LJ 028.5 G149r 373/CSP 22/11/2023 22/11/2023 Livros      
        Colégio São Paulo Colégio São Paulo 22/11/2023   LJ 028.5 G149r 374/CSP 22/11/2023 22/11/2023 Livros      
        Novo Tempo - Aureliano São José Novo Tempo - Aureliano São José 04/07/2024     if741 04/07/2024 04/07/2024 Livros Classificação Decimal de Dewey O  
        Portinari - Salvador Portinari - Salvador 05/08/2024   028.5 G149r 7878/CCP 05/08/2024 05/08/2024 Livros     Ex. 1